[Event "GM Dopravni"]
[Site "Brno CZE"]
[Date "2009.07.02"]
[Round "7"]
[White "Spirin,O"]
[Black "Plat,V"]
[Result "1/2-1/2"]
[WhiteElo "2437"]
[BlackElo "2419"]
[EventDate "2009.06.26"]

1. d4 Nf6 2. c4 e6 3. Nf3 c5 4. d5 exd5 5. cxd5 d6 6. e4 g6 7. Bd3 Bg7 8.
h3 O-O 9. Nc3 Nbd7 10. Bf4 Ne8 11. O-O Ne5 12. Nxe5 dxe5 13. Be3 b6 14. a3
f5 15. f3 f4 16. Bf2 Nd6 17. Nb5 Nf7 18. d6 Bd7 19. Nc7 Rb8 20. Bc4 Kh8 21.
Bxf7 Rxf7 22. Qd5 Qg8 23. Bh4 Rff8 24. Rfd1 Qxd5 25. Rxd5 Kg8 26. b4 cxb4
27. axb4 Rb7 28. b5 Rc8 29. Be1 Kf7 30. Bb4 Be6 31. Rd3 Rd8 32. Rc1 Bd7 33.
Kf2 Bf6 34. Ra3 Rc8 35. Rca1 Bd8 36. Rxa7 Rxa7 37. Rxa7 Bxc7 38. dxc7 Bxb5
39. Rb7 Bc6 40. Rxb6 Rxc7 41. Bd6 Rc8 42. Bxe5 g5 43. Ra6 Bb5 44. Rf6+ Ke8
45. Rb6 Rc2+ 46. Kg1 Rc1+ 47. Kh2 Bf1 48. Rb2 Kf7 49. h4 h6 50. Bd6 Re1 51.
Rc2 Re2 52. Rxe2 Bxe2 53. Kg1 Kg6 54. Kf2 Ba6 55. Bf8 Bc4 56. Ke1 Bb5 57.
Kf2 Bc4 58. Kg1 Kh5 59. Kh2 Be6 60. hxg5 hxg5 61. Be7 Kg6 62. Bd6 Bc4 63.
Bc7 Be6 64. Bb8 Bc4 65. Be5 Be6 66. Kg1 Bc4 67. Kf2 Be6 68. Bc7 Kf6 69.
Bd8+ Kg6 70. Ke2 Bc4+ 71. Ke1 Bb5 72. Be7 Bc4 73. Bc5 Bb5 74. Ba7 Kf6 75.
Bb6 Bc4 76. Bd4+ Kg6 77. Kf2 Bb5 78. Be5 Bc6 79. Bc7 Kf6 80. Kg1 Kg6 81.
Kh2 Kh5 82. Bd6 Kg6 83. Kh3 Bd7+ 84. Kh2 Bc6 85. Be7 Bb5 86. Bd8 Bc4 87. e5
Kf5 88. Bf6 g4 89. fxg4+ Kxg4 1/2-1/2

[Event "GM Dopravni"]
[Site "Brno CZE"]
[Date "2009.07.02"]
[Round "7"]
[White "Bernasek,J"]
[Black "Beinoras,M"]
[Result "1-0"]
[WhiteElo "2443"]
[BlackElo "2422"]
[EventDate "2009.06.26"]

1. c4 e6 2. d4 d5 3. Nc3 Nf6 4. cxd5 exd5 5. Bg5 Be7 6. e3 c6 7. Bd3 Nbd7
8. Qc2 Nh5 9. Bxe7 Qxe7 10. g4 Nf4 11. Bf1 h5 12. O-O-O Ne6 13. gxh5 Nf6
14. Nge2 Ng5 15. Ng3 Nxh5 16. Be2 Nf6 17. h4 Nge4 18. Ngxe4 dxe4 19. Rdg1
g6 20. h5 gxh5 21. Rg5 Be6 22. Re5 O-O-O 23. Nxe4 Nxe4 24. Qxe4 Qf6 25. Qh4
Qxh4 26. Rxh4 Bxa2 27. Ra5 Bd5 28. Rxa7 Kc7 29. Kd2 Kb6 30. Ra1 c5 31. e4
Bc6 32. d5 f5 33. Ke3 Bb5 34. Bxb5 Kxb5 35. f3 fxe4 36. fxe4 Rhg8 37. Rxh5
Rg2 38. Rd1 Rxb2 39. e5 Rb3+ 40. Ke4 Rb2 41. e6 Re2+ 42. Kf3 Ra2 43. e7 Re8
44. d6 Raa8 45. Re5 1-0

[Event "GM Dopravni"]
[Site "Brno CZE"]
[Date "2009.07.02"]
[Round "7"]
[White "Polak,T"]
[Black "Simacek,P"]
[Result "1/2-1/2"]
[WhiteElo "2508"]
[BlackElo "2489"]
[EventDate "2009.06.26"]

1. d4 Nf6 2. c4 e6 3. Nf3 c5 4. d5 exd5 5. cxd5 d6 6. Nc3 g6 7. h3 Bg7 8.
e4 O-O 9. Bd3 b5 10. Nxb5 Re8 11. O-O Nxe4 12. Re1 a6 13. Na3 Nf6 14. Rxe8+
Nxe8 15. Bg5 Qc7 16. Qa4 Nf6 17. Nb5 Qd7 18. Re1 Nxd5 19. Qb3 axb5 20. Bxb5
Nc6 21. Qxd5 Bb7 22. a4 Nb4 23. Qxc5 dxc5 24. Bxd7 Bxb2 25. Bb5 Nd5 26. Bd2
1/2-1/2

[Event "GM Dopravni"]
[Site "Brno CZE"]
[Date "2009.07.03"]
[Round "8"]
[White "Popchev,M"]
[Black "Simacek,P"]
[Result "1-0"]
[WhiteElo "2451"]
[BlackElo "2489"]
[EventDate "2009.06.26"]

1. d4 Nf6 2. Nf3 g6 3. c3 Bg7 4. Bg5 d5 5. Nbd2 Nbd7 6. e3 O-O 7. Be2 Re8
8. O-O e5 9. a4 h6 10. Bh4 e4 11. Ne1 g5 12. Bg3 Nf8 13. a5 Ng6 14. Nc2 g4
15. Nb3 h5 16. Bf4 Nh7 17. Nc5 Nhf8 18. g3 Ne6 19. Nxe6 Bxe6 20. a6 b6 21.
Bb5 Bd7 22. Qe2 c6 23. Ba4 h4 24. Bb3 Be6 25. c4 Nxf4 26. exf4 dxc4 27.
Bxc4 hxg3 28. hxg3 f5 29. Ne3 Qf6 30. Rad1 Rad8 31. Rd2 Kf7 32. Rc1 Rd6 33.
d5 cxd5 34. Bxd5 Red8 35. Bxe6+ Qxe6 36. Rc7+ R8d7 37. Rxd6 Qxd6 38. Qc4+
Kf8 39. Rb7 Bxb2 40. Qc8+ Rd8 41. Qxf5+ Qf6 42. Qxe4 Re8 43. Qb4+ Kg8 44.
Qc4+ Kh8 45. Qc2 Kg8 46. Nxg4 Re1+ 47. Kg2 Qe6 48. Qh7+ 1-0

[Event "GM Dopravni"]
[Site "Brno CZE"]
[Date "2009.07.03"]
[Round "8"]
[White "Beinoras,M"]
[Black "Polak,T"]
[Result "1/2-1/2"]
[WhiteElo "2422"]
[BlackElo "2508"]
[EventDate "2009.06.26"]

1. d4 Nf6 2. c4 c5 3. d5 b5 4. Qc2 bxc4 5. e4 d6 6. Bxc4 g6 7. Nf3 Bg7 8.
O-O O-O 9. Nc3 Ba6 10. Nb5 Ne8 11. Bd2 Qb6 12. Qa4 Bc8 13. Qc2 Na6 14. Bc3
Bd7 15. Bxg7 Nxg7 16. Nc3 Nc7 17. e5 Bf5 18. Qd2 Qb4 1/2-1/2

[Event "GM Dopravni"]
[Site "Brno CZE"]
[Date "2009.07.03"]
[Round "8"]
[White "Plat,V"]
[Black "Bernasek,J"]
[Result "1/2-1/2"]
[WhiteElo "2419"]
[BlackElo "2443"]
[EventDate "2009.06.26"]

1. e4 c5 2. Nf3 e6 3. d4 cxd4 4. Nxd4 a6 5. Bd3 Nf6 6. O-O Qc7 7. c4 d6 8.
Nc3 Nbd7 9. Be3 Be7 10. Rc1 O-O 11. b3 b6 12. f4 Re8 13. Be2 Bf8 14. Bf3
Bb7 15. Nde2 Rac8 16. g4 Nc5 17. Ng3 Rcd8 18. b4 d5 19. e5 d4 20. Bxd4 Bxf3
21. Qxf3 Rxd4 22. bxc5 Bxc5 23. Kh1 Nd7 24. Nce4 Nf8 25. f5 Nd7 26. fxe6
Nxe5 27. exf7+ Qxf7 28. Qg2 Qg6 29. Rce1 Rdd8 30. Nxc5 bxc5 31. Nf5 Kh8 32.
Re4 Nd3 33. Rxe8+ Qxe8 34. Qb7 Rd7 35. Qc6 Nf2+ 36. Kg1 Nh3+ 37. Kh1 h6 38.
Nxh6 Nf2+ 39. Kg1 Nh3+ 40. Kh1 Nf2+ 41. Kg1 1/2-1/2

[Event "GM Dopravni"]
[Site "Brno CZE"]
[Date "2009.07.03"]
[Round "8"]
[White "Vyskocil,N"]
[Black "Spirin,O"]
[Result "1/2-1/2"]
[WhiteElo "2315"]
[BlackElo "2437"]
[EventDate "2009.06.26"]

1. e4 c5 2. Nf3 d6 3. d4 cxd4 4. Nxd4 Nf6 5. Nc3 a6 6. Be2 e6 7. f4 Qc7 8.
O-O Be7 9. Be3 O-O 10. g4 d5 11. exd5 Nxd5 12. Nxd5 exd5 13. Bf3 1/2-1/2

[Event "GM Dopravni"]
[Site "Brno CZE"]
[Date "2009.07.03"]
[Round "8"]
[White "Vymazal,B"]
[Black "Ivanov,MM"]
[Result "0-1"]
[WhiteElo "2338"]
[BlackElo "2470"]
[EventDate "2009.06.26"]

1. e4 c6 2. d4 d5 3. exd5 cxd5 4. c4 Nf6 5. Nc3 Nc6 6. Bg5 Be6 7. Nf3 Ne4
8. c5 Nxg5 9. Nxg5 Bf5 10. Bb5 e6 11. Nf3 Qc7 12. Qa4 Be7 13. Ne5 O-O 14.
Bxc6 bxc6 15. Qxc6 Qb8 16. Qb5 Qxb5 17. Nxb5 Rfc8 18. b3 f6 19. Nf3 e5 20.
Rd1 Bc2 21. Rd2 Be4 22. Nd6 Bxd6 23. cxd6 Rc1+ 24. Rd1 Rxd1+ 25. Kxd1 Bxf3+
26. gxf3 Kf7 27. Re1 Ke6 28. dxe5 fxe5 29. f4 e4 30. f3 e3 31. Rxe3+ Kxd6
32. f5 Rf8 33. Re6+ Kc5 34. Re7 Rxf5 35. Ke2 Rh5 36. Rxa7 Rxh2+ 37. Ke3 g5
38. Ra5+ Kd6 39. a4 h5 40. Ra8 h4 41. a5 Rb2 42. a6 Rxb3+ 43. Kf2 Ra3 44.
a7 Kc7 45. Rg8 Rxa7 46. Rxg5 Kd6 47. Rh5 Ra4 48. Ke3 Kc5 49. Kd3 Ra3+ 50.
Ke2 Ra2+ 51. Kd3 Rh2 52. Rh8 h3 53. Rh6 Rh1 54. Ke3 d4+ 55. Kf4 d3 56. Ke3
h2 0-1

[Event "GM Dopravni"]
[Site "Brno CZE"]
[Date "2009.07.04"]
[Round "9"]
[White "Ivanov,MM"]
[Black "Popchev,M"]
[Result "1/2-1/2"]
[WhiteElo "2470"]
[BlackElo "2451"]
[EventDate "2009.06.26"]

1. e4 e5 2. Nf3 Nf6 3. Nxe5 d6 4. Nf3 Nxe4 5. Qe2 Qe7 6. d3 Nf6 7. Bg5
Qxe2+ 8. Bxe2 Be7 9. Nc3 c6 10. O-O-O d5 1/2-1/2

[Event "GM Dopravni"]
[Site "Brno CZE"]
[Date "2009.07.04"]
[Round "9"]
[White "Spirin,O"]
[Black "Vymazal,B"]
[Result "0-1"]
[WhiteElo "2437"]
[BlackElo "2338"]
[EventDate "2009.06.26"]

1. d4 Nf6 2. c4 e6 3. Nc3 Bb4 4. e3 c5 5. a3 Bxc3+ 6. bxc3 Nc6 7. Bd3 O-O
8. Ne2 b6 9. e4 Ne8 10. O-O Ba6 11. f4 f5 12. exf5 exf5 13. dxc5 bxc5 14.
Be3 d6 15. Rb1 Qc7 16. Qa4 Bb7 17. Ng3 Ne7 18. Rfe1 g6 19. Bf2 Nf6 20. h3
Nc8 21. Re6 Nb6 22. Qb5 Bc6 23. Qb3 Rae8 24. Rbe1 Kf7 25. Rxe8 Rxe8 26.
Rxe8 Kxe8 27. Nf1 Qb7 28. Ne3 Na4 29. Qc2 Nh5 30. Nd5 Nb6 31. Qe2+ Kf8 32.
Qe6 Qd7 33. Qxd7 Nxd7 34. g3 Nhf6 35. Ne3 Bf3 36. Be1 Nb6 37. Kf2 Be4 38.
Bf1 h5 39. Ke2 Ke7 40. Kf2 Bb7 41. Bd3 Ne4+ 42. Ke2 Na4 43. Nd1 Ke6 44. Bc2
Nb6 45. Bd3 Nf6 46. Kf2 Be4 47. Bf1 Bc2 48. Ne3 Ne4+ 49. Ke2 Bb3 50. Kf3
Na4 51. Nd5 Nb2 52. Ne3 Kd7 53. Be2 Ke6 54. Bf1 Bd1+ 55. Be2 Ba4 56. Nd5
Bc6 57. Ke3 Bxd5 58. cxd5+ Kxd5 59. Bb5 Nf6 60. a4 Nc4+ 61. Kd3 Nb6 62. c4+
Ke6 63. a5 Nc8 64. Bc6 Ne7 65. Bb5 Nd7 66. Bc3 Nb8 67. Bd2 a6 68. Ba4 Nbc6
69. Bc3 Nd8 70. Bd2 Nec6 71. Bc3 Kd7 72. Bd1 Nb7 73. Ba4 Nbd8 74. Bd1 Nb4+
75. Kd2 Nb7 76. Ba4+ Ke7 77. Bxb4 cxb4 78. Bb5 Nc5 79. Bc6 Nb3+ 80. Kd3
Nxa5 81. Ba4 Nb7 82. Kd4 Nc5 83. Bc2 a5 84. Bb1 a4 0-1

[Event "GM Dopravni"]
[Site "Brno CZE"]
[Date "2009.07.04"]
[Round "9"]
[White "Bernasek,J"]
[Black "Vyskocil,N"]
[Result "1/2-1/2"]
[WhiteElo "2443"]
[BlackElo "2315"]
[EventDate "2009.06.26"]

1. d4 Nf6 2. c4 e6 3. Nc3 Bb4 4. e3 b6 5. Nge2 Ne4 6. Qc2 Bb7 7. a3 Bxc3+
8. Nxc3 f5 9. Nxe4 Bxe4 10. Qd2 Bb7 11. f3 O-O 12. Bd3 Qh4+ 13. Qf2 Qxf2+
14. Kxf2 Nc6 15. b4 f4 16. Be4 fxe3+ 17. Bxe3 Rae8 18. Kg3 Ba8 19. Rhe1 Ne7
20. Bf4 Nf5+ 21. Bxf5 Rxf5 22. c5 Rc8 23. Rac1 b5 1/2-1/2

[Event "GM Dopravni"]
[Site "Brno CZE"]
[Date "2009.07.04"]
[Round "9"]
[White "Simacek,P"]
[Black "Beinoras,M"]
[Result "1/2-1/2"]
[WhiteElo "2489"]
[BlackElo "2422"]
[EventDate "2009.06.26"]

1. e4 e5 2. d4 exd4 3. Qxd4 Nc6 4. Qe3 g6 5. Bc4 Bg7 6. Nf3 Nf6 7. O-O O-O
8. Nc3 d6 9. Bd2 Ng4 10. Qe2 Nge5 11. Nxe5 dxe5 12. a4 Nd4 13. Qd3 Be6 14.
Bxe6 Nxe6 15. Qxd8 1/2-1/2

[Event "IM Tespo Engineering"]
[Site "Brno CZE"]
[Date "2009.06.28"]
[Round "4"]
[White "Kuchynka,Luk"]
[Black "Pakhomov,A"]
[Result "1/2-1/2"]
[WhiteElo "2199"]
[BlackElo "2439"]
[EventDate "2009.06.26"]

1. e4 e5 2. Nf3 Nc6 3. Bb5 a6 4. Ba4 Nf6 5. O-O b5 6. Bb3 Be7 7. Re1 O-O 8.
a4 b4 9. a5 d6 10. h3 Be6 11. c3 bxc3 12. bxc3 Bxb3 13. Qxb3 Rb8 14. Qc4
Nxa5 15. Rxa5 Rxb1 16. Rxa6 Qb8 17. Rc6 Bd8 18. d4 Nxe4 19. dxe5 Nc5 20.
exd6 cxd6 21. Qd5 Bf6 22. Qxd6 Qxd6 23. Rxd6 Bxc3 24. Red1 Ne6 1/2-1/2

[Event "IM Tespo Engineering"]
[Site "Brno CZE"]
[Date "2009.06.28"]
[Round "4"]
[White "Lundeby,O"]
[Black "Pisk,P"]
[Result "1/2-1/2"]
[WhiteElo "2213"]
[BlackElo "2324"]
[EventDate "2009.06.26"]

1. e4 c5 2. c3 d5 3. exd5 Qxd5 4. d4 Nf6 5. Nf3 Bg4 6. dxc5 Qxd1+ 7. Kxd1
e5 8. b4 e4 9. h3 Bh5 10. g4 Nxg4 11. hxg4 Bxg4 12. Nbd2 Nc6 13. Rh4 Bxf3+
14. Nxf3 exf3 15. Re4+ Be7 16. Kc2 a6 17. Bf4 O-O 18. Bd6 Bxd6 19. cxd6
Rfe8 20. Rxe8+ Rxe8 21. a4 g5 22. b5 axb5 23. axb5 Ne5 24. Ra7 Rb8 25. c4
Nd7 26. Bh3 Nc5 27. Bg4 Kg7 28. Bxf3 Kf6 29. Bd5 Ke5 30. d7 Rd8 31. Bxf7
Rxd7 32. Bd5 Rd8 33. Kd2 Kd4 34. Ke2 h5 35. Kf3 Rf8+ 36. Kg2 Rf4 37. Ra2
Rg4+ 38. Kh2 Rh4+ 39. Kg1 Rg4+ 40. Kh2 Rh4+ 1/2-1/2

[Event "IM Tespo Engineering"]
[Site "Brno CZE"]
[Date "2009.06.28"]
[Round "4"]
[White "Simek,P2"]
[Black "Spodny,J"]
[Result "1/2-1/2"]
[WhiteElo "2253"]
[BlackElo "2088"]
[EventDate "2009.06.26"]

1. e4 e5 2. Nf3 Nc6 3. d4 exd4 4. Nxd4 Bc5 5. Nxc6 Qf6 6. Qf3 Qxf3 7. gxf3
bxc6 8. Be3 Bxe3 9. fxe3 d6 10. Nc3 Be6 11. Rg1 g6 12. O-O-O Nf6 13. Ba6
Rb8 14. Rg5 Nd7 15. Ra5 Ke7 16. f4 f6 17. Be2 Rb7 18. Bf3 Nb8 19. h4 h6 20.
Rg1 Rg8 21. Ne2 Bf7 22. Nd4 Kd7 23. h5 a6 24. hxg6 Rxg6 25. Rf1 c5 26. Nf5
Bc4 27. Rh1 Nc6 28. Ra3 Rb8 29. b3 Be6 30. Rxa6 Nb4 31. Ra4 Bxf5 32. exf5
Rg3 33. Rf1 Rbg8 34. a3 Nc6 35. Kd2 Ne7 36. Be4 d5 37. Bd3 Rg2+ 38. Kc3
R8g3 39. e4 c4 1/2-1/2

[Event "IM Tespo Engineering"]
[Site "Brno CZE"]
[Date "2009.06.28"]
[Round "4"]
[White "Borosova,Z"]
[Black "Ponizil,C"]
[Result "0-1"]
[WhiteElo "2260"]
[BlackElo "2278"]
[EventDate "2009.06.26"]

1. e4 c5 2. Nf3 Nc6 3. Bb5 g6 4. Bxc6 dxc6 5. d3 Bg7 6. Nc3 e5 7. Be3 b6 8.
h3 Ne7 9. Qd2 h6 10. Nh2 Be6 11. f4 exf4 12. Bxf4 g5 13. Be3 f5 14. Nf3
fxe4 15. dxe4 Qxd2+ 16. Bxd2 O-O-O 17. O-O-O Ng6 18. Ne2 Bc4 19. Ng3 Rhg8
20. b3 Ba6 21. Nf5 Bf8 22. c4 Re8 23. Rhe1 b5 24. cxb5 Bxb5 25. a4 Bd3 26.
Ba5 c4 27. bxc4 Ba3+ 28. Kd2 Bxe4 29. Nxh6 Rgf8 30. Nxg5 Bxg2 31. Rxe8+
Rxe8 32. Re1 Re5 33. Rxe5 Nxe5 34. Kc3 Bf1 35. h4 Bf8 36. Nf5 Nxc4 37. h5
Nxa5 38. Ne6 Bh3 39. Nxf8 Bxf5 40. h6 Nb7 41. Kd4 Kd8 42. h7 Bxh7 43. Nxh7
Kc7 44. Ng5 Kb6 45. Nf3 Nc5 46. a5+ Kb5 47. Nd2 Kb4 48. Ke5 Kxa5 49. Kd6
Kb5 50. Nf3 Kb6 51. Nd2 Nb7+ 52. Ke5 Kb5 53. Kd4 Kb4 54. Kd3 a5 55. Kc2 Nd6
56. Kb1 c5 57. Kc2 a4 58. Kb1 Nb5 59. Kb2 c4 60. Nf1 c3+ 61. Kb1 Nd4 62.
Ne3 Kb3 0-1

[Event "IM Tespo Engineering"]
[Site "Brno CZE"]
[Date "2009.06.29"]
[Round "5"]
[White "Spodny,J"]
[Black "Borosova,Z"]
[Result "1/2-1/2"]
[WhiteElo "2088"]
[BlackElo "2260"]
[EventDate "2009.06.26"]

1. e4 e5 2. Nf3 Nc6 3. d3 Nf6 4. c3 d5 5. Qc2 h6 6. Be2 Be6 7. O-O Qd7 8.
Nbd2 Be7 9. b4 a6 10. a3 g5 11. exd5 Nxd5 12. Ne4 g4 13. Ne1 b6 14. d4 f5
15. Ng3 exd4 16. c4 Nf6 17. Bd3 Ne5 18. Bxf5 Bxf5 19. Qxf5 Qxf5 20. Nxf5
Nxc4 21. Nxd4 Nd5 22. Ra2 Bf6 23. Re2+ Kf7 24. Nec2 Nc3 25. Ree1 Rad8 26.
Nf5 Kg6 27. Nfe3 Nd2 28. Bxd2 Rxd2 29. f3 gxf3 30. Rxf3 Bg5 31. Rf2 Rhd8
32. Nc4 Rxf2 33. Kxf2 Bf6 34. Re6 b5 35. N4e3 Rd6 36. Rxd6 cxd6 37. Kf3 d5
38. Ng4 Bg7 39. Nf2 Nb1 40. Nd3 Nd2+ 41. Kf4 Nc4 42. Nc5 Be5+ 43. Kf3 a5
44. bxa5 Nxa5 45. h3 Nc4 46. Ne6 Kf6 47. Nf4 Nb6 48. Ne2 Nc4 49. Nf4 Nb6
50. Ne2 Nc4 51. Nf4 1/2-1/2

[Event "IM Tespo Engineering"]
[Site "Brno CZE"]
[Date "2009.06.29"]
[Round "5"]
[White "Pisk,P"]
[Black "Simek,P2"]
[Result "1/2-1/2"]
[WhiteElo "2324"]
[BlackElo "2253"]
[EventDate "2009.06.26"]

1. e4 e5 2. Nf3 Nc6 3. Bb5 a6 4. Ba4 Nf6 5. Bxc6 dxc6 6. d3 Nd7 7. O-O Bd6
8. Nbd2 O-O 9. Nc4 Re8 10. b3 Nf8 11. Bb2 f6 12. Nh4 Be6 13. Ne3 Qd7 14.
Qf3 Ng6 15. Nhf5 Bf8 16. g3 Rad8 17. Kh1 Ne7 18. Nxe7+ Bxe7 19. Qe2 Bc5 20.
f4 exf4 21. gxf4 f5 22. Rg1 Bd4 23. Bxd4 Qxd4 24. Qg2 Rd7 25. Rae1 Rf8 26.
Qf3 a5 27. Rg5 Rdf7 28. exf5 Bxf5 29. Nxf5 Rxf5 30. Rxf5 Rxf5 31. Re8+ Kf7
32. Qe4 Qxe4+ 33. Rxe4 1/2-1/2

[Event "IM Tespo Engineering"]
[Site "Brno CZE"]
[Date "2009.06.29"]
[Round "5"]
[White "Pakhomov,A"]
[Black "Lundeby,O"]
[Result "1/2-1/2"]
[WhiteElo "2439"]
[BlackElo "2213"]
[EventDate "2009.06.26"]

1. d4 d5 2. Nf3 Nc6 3. Bf4 Bg4 4. e3 e6 5. h3 Bxf3 6. Qxf3 Bd6 7. Nd2 Bxf4
8. Qxf4 Qd6 9. Qxd6 cxd6 10. c3 Nf6 11. g4 Ke7 12. Bg2 h6 13. f4 Rac8 14.
O-O Na5 15. e4 dxe4 16. Nxe4 Nxe4 17. Bxe4 d5 18. Bd3 Nc6 19. Kg2 Kd6 20.
Rae1 Rce8 21. Kg3 Re7 22. Re3 Rhe8 23. h4 f6 24. Bb5 a6 25. Bd3 Rf8 1/2-1/2

[Event "IM Tespo Engineering"]
[Site "Brno CZE"]
[Date "2009.06.29"]
[Round "5"]
[White "Pertlova,S"]
[Black "Kuchynka,Luk"]
[Result "0-1"]
[WhiteElo "2232"]
[BlackElo "2199"]
[EventDate "2009.06.26"]

1. d4 Nf6 2. c4 e6 3. g3 Bb4+ 4. Bd2 c5 5. Bxb4 cxb4 6. Bg2 O-O 7. e4 d6 8.
Ne2 Nc6 9. O-O e5 10. a3 bxa3 11. Nxa3 Bg4 12. f3 Bh5 13. Qd2 Qb6 14. Nc2
a5 15. Rfd1 Rfc8 16. Ne3 a4 17. Ra3 Ra6 18. Rc3 Qa7 19. g4 Bg6 20. Nd5 Ne8
21. f4 exf4 22. Nexf4 Nc7 23. Nxc7 Rxc7 24. c5 Rd7 25. cxd6 Rxd6 26. Kh1 a3
27. bxa3 Rxa3 28. Nd5 Ra2 29. Qf4 Rd8 30. Qc7 Rf8 31. Rxc6 bxc6 32. Ne7+
Kh8 33. Qxa7 Rxa7 34. Nxc6 Ra2 35. d5 f6 36. d6 Rxg2 37. Kxg2 Bxe4+ 38. Kg3
Bxc6 39. Kf4 g5+ 40. Ke3 Rd8 41. Rd4 Kg7 42. Kd3 Kf7 43. Kc4 Ke6 44. Kc5
Rc8 0-1

[Event "IM Tespo Engineering"]
[Site "Brno CZE"]
[Date "2009.06.29"]
[Round "5"]
[White "Cip,D"]
[Black "Bagrationi,A"]
[Result "1/2-1/2"]
[WhiteElo "2200"]
[BlackElo "2370"]
[EventDate "2009.06.26"]

1. c4 e5 2. Nc3 Nf6 3. Nf3 Nc6 4. d3 d5 5. cxd5 Nxd5 6. g3 Be7 7. Bg2 Nb6
8. O-O O-O 9. Be3 Be6 10. Qc1 f6 11. Ne4 Nb4 12. a3 N4d5 13. Nc5 Bc8 14.
Bd2 c6 15. b4 Nc7 16. Qc2 Ne6 17. Nxe6 Bxe6 18. Be3 Bd5 19. Bc5 Nd7 20.
Bxe7 Qxe7 21. Nd2 Bxg2 22. Kxg2 Qe6 23. Qc4 Qxc4 24. Nxc4 Rfd8 25. Na5 Rab8
26. Rac1 Kf7 27. b5 c5 28. Rc4 Rdc8 29. Rfc1 Rc7 30. e3 b6 1/2-1/2

[Event "IM Tespo Engineering"]
[Site "Brno CZE"]
[Date "2009.06.29"]
[Round "6"]
[White "Kuchynka,Luk"]
[Black "Cip,D"]
[Result "1-0"]
[WhiteElo "2199"]
[BlackElo "2200"]
[EventDate "2009.06.26"]

1. e4 e5 2. Nf3 Nc6 3. Bb5 a6 4. Ba4 Nf6 5. O-O Be7 6. Re1 b5 7. Bb3 d6 8.
c3 O-O 9. h3 Be6 10. Bc2 d5 11. exd5 Nxd5 12. Nxe5 Nxe5 13. Rxe5 Bd6 14.
Re1 Qh4 15. Qf3 Rae8 16. Be4 c6 17. d4 f5 18. Bc2 g5 19. Nd2 g4 20. Qd1 Nf4
21. Nf1 Bd5 22. Bxf4 Bxf4 23. Bb3 gxh3 24. Bxd5+ cxd5 25. g3 Qg5 26. Qf3
Re4 27. Re2 Bb8 28. Rae1 f4 29. g4 h5 30. Nh2 Rxe2 31. Rxe2 hxg4 32. Nxg4
Kf7 33. Qxh3 Rg8 34. f3 Qg6 35. Kf2 Kf8 36. Qh4 Bd6 37. Qd8+ Kg7 38. Qd7+
Kf8 39. Qc8+ Kf7 40. Qb7+ Kf8 41. Qxd5 Rh8 42. Qe6 Rh2+ 43. Nxh2 Qg3+ 44.
Kf1 1-0

[Event "IM Tespo Engineering"]
[Site "Brno CZE"]
[Date "2009.06.29"]
[Round "6"]
[White "Lundeby,O"]
[Black "Pertlova,S"]
[Result "1/2-1/2"]
[WhiteElo "2213"]
[BlackElo "2232"]
[EventDate "2009.06.26"]

1. d4 Nf6 2. Bf4 g6 3. e3 Bg7 4. Nf3 c5 5. c3 b6 6. Be2 O-O 7. h3 Bb7 8.
Nbd2 d6 9. O-O Nbd7 10. a4 Re8 11. Bh2 a6 12. Qb1 Rc8 13. b4 cxd4 14. cxd4
Qc7 15. Bc4 Qb8 16. Qb3 e6 17. Rac1 Bf8 18. b5 a5 19. Bd3 Qa8 20. Rfe1 e5
21. Bc4 d5 22. Bf1 e4 1/2-1/2

[Event "IM Tespo Engineering"]
[Site "Brno CZE"]
[Date "2009.06.29"]
[Round "6"]
[White "Simek,P2"]
[Black "Pakhomov,A"]
[Result "0-1"]
[WhiteElo "2253"]
[BlackElo "2439"]
[EventDate "2009.06.26"]

1. e4 Nc6 2. d4 d5 3. Nc3 Nf6 4. e5 Ng8 5. Nf3 Bg4 6. Bb5 e6 7. h3 Bh5 8.
O-O Qd7 9. a3 a6 10. Be2 f6 11. Re1 Bf7 12. Bf4 f5 13. Qd2 h6 14. h4 Be7
15. Na4 b6 16. b3 Bh5 17. Nb2 g5 18. hxg5 Bxf3 19. Bxf3 hxg5 20. c4 gxf4
21. cxd5 exd5 22. Qxf4 Rh4 23. e6 Qd6 24. Qxd6 Bxd6 25. Nc4 Nge7 26. g3
Rxd4 0-1

[Event "IM Tespo Engineering"]
[Site "Brno CZE"]
[Date "2009.06.29"]
[Round "6"]
[White "Borosova,Z"]
[Black "Pisk,P"]
[Result "1/2-1/2"]
[WhiteElo "2260"]
[BlackElo "2324"]
[EventDate "2009.06.26"]

1. e4 c5 2. Nf3 Nc6 3. d4 cxd4 4. Nxd4 e5 5. Nb5 a6 6. Nd6+ Bxd6 7. Qxd6
Qf6 8. Qxf6 Nxf6 9. Nc3 Nb4 10. Kd2 d6 11. a3 Nc6 12. Ke1 Be6 13. f3 h6 14.
Be3 d5 15. exd5 Nxd5 16. Nxd5 Bxd5 17. Bb6 Rc8 18. Bd3 Ne7 19. Rd1 O-O 20.
b3 Rc6 21. Ba5 e4 22. fxe4 Bxe4 23. Bxe4 Re6 24. Kd2 Rxe4 25. Rhe1 Rxe1 26.
Rxe1 Nc6 27. Bb6 f5 28. c4 Rf6 29. Kc3 f4 30. b4 f3 31. gxf3 Rxf3+ 32. Re3
Rxe3+ 33. Bxe3 b5 34. a4 bxa4 35. b5 axb5 36. cxb5 Ne7 37. Bc5 Kf7 38. Kb4
Nd5+ 39. Kxa4 Nc3+ 40. Ka5 Nxb5 41. Kxb5 g5 42. Kc4 Kg6 43. Kd4 Kf5 44. Bd6
h5 45. Ke3 Kg4 46. Kf2 Kh3 47. Bg3 h4 48. Kf3 hxg3 49. hxg3 Kh2 50. Kg4 Kg2
51. Kxg5 Kxg3 1/2-1/2

[Event "IM Tespo Engineering"]
[Site "Brno CZE"]
[Date "2009.06.29"]
[Round "6"]
[White "Ponizil,C"]
[Black "Spodny,J"]
[Result "1-0"]
[WhiteElo "2278"]
[BlackElo "2088"]
[EventDate "2009.06.26"]

1. e4 e6 2. Qe2 Be7 3. Nf3 d5 4. d3 Nf6 5. g3 O-O 6. Bg2 c5 7. O-O Nc6 8.
Nbd2 b6 9. Re1 Ba6 10. e5 Nd7 11. h4 Bc8 12. c4 Nb4 13. Nf1 Bb7 14. a3 Na6
15. Bf4 dxc4 16. dxc4 Qc7 17. h5 Rfd8 18. h6 g6 19. N1d2 Nf8 20. Ne4 Bxe4
21. Qxe4 Rac8 22. Ng5 Qd7 23. Qf3 f5 24. exf6 Bxf6 25. Rad1 Qe7 26. Rxd8
Rxd8 27. Ne4 Rd4 28. Nxf6+ Qxf6 29. Qb7 Rd7 30. Qxa6 Qxb2 31. Bh3 Rf7 32.
Qc8 g5 33. Bxe6 gxf4 34. Bxf7+ Kxf7 35. Qc7+ Kg6 36. Qxf4 Qf6 37. Qxf6+
Kxf6 38. Re8 Ng6 39. f4 1-0

[Event "IM Tespo Engineering"]
[Site "Brno CZE"]
[Date "2009.06.30"]
[Round "7"]
[White "Pisk,P"]
[Black "Ponizil,C"]
[Result "1/2-1/2"]
[WhiteElo "2324"]
[BlackElo "2278"]
[EventDate "2009.06.26"]

1. e4 c5 2. Nf3 e6 3. d4 cxd4 4. c3 d3 5. Bxd3 d6 6. O-O Nf6 7. c4 Nbd7 8.
Nc3 a6 9. h3 b6 10. Bf4 Qc7 11. Rc1 Bb7 12. b4 Rd8 13. Qa4 Bc6 14. Qb3 Qb8
15. Nd5 Ne5 16. Nxf6+ gxf6 17. Nd4 Bb7 18. Bb1 Be7 19. Be3 Qa8 20. f4 Nd7
21. Qc2 Rc8 22. Rf2 Rg8 23. f5 e5 24. Nb3 Rg3 25. Qd3 Bxe4 26. Qxe4 Qxe4
27. Bxe4 Rxe3 28. Bb7 Rc7 29. Bxa6 d5 30. cxd5 Rxc1+ 31. Nxc1 Bxb4 32. Re2
Rxe2 33. Bxe2 Ke7 34. Bb5 e4 35. Kf2 Bc5+ 36. Kg3 Be3 37. Ne2 Bd2 38. Nd4
Ne5 39. Nc6+ Kd6 40. Nxe5 fxe5 41. Kf2 Kxd5 1/2-1/2

[Event "IM Tespo Engineering"]
[Site "Brno CZE"]
[Date "2009.06.30"]
[Round "7"]
[White "Pertlova,S"]
[Black "Simek,P2"]
[Result "1/2-1/2"]
[WhiteElo "2232"]
[BlackElo "2253"]
[EventDate "2009.06.26"]

1. d4 Nf6 2. c4 g6 3. g3 Bg7 4. Bg2 O-O 5. Nc3 d6 6. Nf3 Nc6 7. d5 Na5 8.
b3 c5 9. Bb2 a6 10. O-O Rb8 11. Nd2 b5 12. Qc2 h5 13. Rab1 Bf5 14. e4 Bd7
15. h3 Nh7 16. Nd1 e5 17. dxe6 Bxe6 18. Bxg7 Kxg7 19. Ne3 Nc6 20. f4 Nd4
21. Qb2 f5 22. exf5 gxf5 23. Nf3 Qf6 24. Nxd4 cxd4 25. Nd5 Bxd5 26. Bxd5
Rfe8 27. Rfe1 Re3 28. Rxe3 dxe3 29. Kg2 Qxb2+ 30. Rxb2 Nf6 31. Kf3 Nxd5 32.
cxd5 Rc8 33. Rg2 Rc3 34. g4 hxg4+ 35. hxg4 fxg4+ 36. Rxg4+ Kf6 37. Rg2 Rd3
38. Rg5 Rd2 39. Kxe3 Rxa2 40. Rh5 Kg6 41. Rg5+ Kf6 42. Rh5 Kg6 43. Rg5+
1/2-1/2

[Event "IM Tespo Engineering"]
[Site "Brno CZE"]
[Date "2009.06.30"]
[Round "7"]
[White "Cip,D"]
[Black "Lundeby,O"]
[Result "1-0"]
[WhiteElo "2200"]
[BlackElo "2213"]
[EventDate "2009.06.26"]

1. Nf3 Nc6 2. c4 e5 3. Nc3 Nf6 4. g3 Bb4 5. Bg2 Bxc3 6. bxc3 d6 7. O-O Bg4
8. h3 Be6 9. d3 h6 10. e4 Qd7 11. Kh2 O-O 12. Be3 Rae8 13. Nd2 Na5 14. f4
Qe7 15. Qe2 c5 16. Qf2 Nc6 17. Nf3 b6 18. f5 Bc8 19. g4 Nh7 20. Qg3 f6 21.
Nh4 Qd8 22. Ng6 Rf7 23. h4 Rc7 24. Bf3 Kf7 25. g5 fxg5 26. Bh5 Kg8 27. hxg5
Nxg5 28. Rf2 Qf6 29. Rg1 Nd8 30. Bxg5 hxg5 31. Qxg5 Qxg5 32. Rxg5 Nf7 33.
Rg3 Kh7 34. Nh4 Ree7 35. Bxf7 Rxf7 36. Ng6 1-0